[Event "SWE-chT 1920 Superettan"]
[Site "Sweden"]
[Date "2020.02.29"]
[Round "6"]
[White "Nilsson, Peter"]
[Black "Hellstrom, Magnus"]
[Result "0-1"]
[WhiteElo "2041"]
[BlackElo "2095"]
[PlyCount "78"]
[EventDate "2019.10.18"]
[EventType "team-tourn"]
[EventRounds "9"]
[EventCountry "SWE"]
[SourceTitle "EXT 2023"]
[Source "ChessBase"]
[SourceDate "2022.10.05"]
[SourceVersion "1"]
[SourceVersionDate "2022.10.05"]
[SourceQuality "1"]
[WhiteTeam "Upsala"]
[BlackTeam "Umea Rockaden"]
[WhiteTeamCountry "SWE"]
[BlackTeamCountry "SWE"]

1. Nf3 c5 2. c4 Nc6 3. Nc3 g6 4. g3 Bg7 5. Bg2 e6 6. 0-0 Nge7 7. e3 0-0 8. d4 cxd4 9. Nxd4 d5 10. cxd5 Nxd4 11. exd4 Nxd5 12. Ne4 Qb6 13. Nc5 Qb4 14. Nb3 b6 15. Bd2 Qd6 16. Bc3 Ba6 17. Re1 Rac8 18. Qd2 Rfd8 19. Rac1 Bc4 20. Bf1 Bxf1 21. Rxf1 h5 22. Qd3 a5 23. Nd2 Nxc3 24. bxc3 e5 25. Rb1 exd4 26. c4 Rc6 27. Rfe1 Rdc8 28. f4 h4 29. Kf2 Qd7 30. Rb5 Rxc4 31. Rxb6 Rc3 32. Qe4 Re3 33. Qb7 Qe8 34. Rd1 Re2+ 35. Kf1 d3 36. Qf3 Bd4 37. Rxg6+ fxg6 38. Qd5+ Qe6 39. Qxd4 Qh3+ 0-1